000 00438pab a2200157 454500
008 180718b2013 xxu||||| |||| 00| 0 eng d
100 _aAshwini Roy A.S.
245 _aUrban governance - The problems of city government in Bangalore (from 1990-2006)
260 _c2013
300 _ap.675-680.
362 _aOct-Dec
650 _aUrban development
773 _aIndian Journal of Political Science
908 _aN
909 _a106375
999 _c106370
_d106370